Human relationship skills : training and self- help

Bibliographic Details
Main Author: Nelson-Jones, Richard
Format: Book
Published: London : Cassell , 1989
Subjects:

MARC

LEADER 00000cam a2200000 7i4500
001 0000005749
002 000006214
005 20000330.0
020 |a 0304313815 
090 0 0 |a 158.2   |b NEL 
100 1 |a Nelson-Jones, Richard 
245 1 0 |a Human relationship skills :   |b training and self- help   |c Richard Niclson-Jones 
260 |a London :   |b Cassell ,   |c 1989 
300 |a 274p. ;   |c 21cm. 
650 0 0 |a Interpersonal relations 
999 |a 031426   |b BUKU   |c PINJAMAN   |e PERPUSTAKAAN KOMUNITI PETALING JAYA